[Event "14th HZ Open"]
[Site "Vlissingen NED"]
[Date "2010.08.07"]
[Round "1"]
[White "Westerweele,M"]
[Black "Fedorchuk,S"]
[Result "0-1"]
[WhiteElo "1921"]
[BlackElo "2665"]
[EventDate "2010.08.07"]

1. e4 c5 2. d4 cxd4 3. c3 dxc3 4. Nxc3 Nc6 5. Nf3 e6 6. Bc4 a6 7. O-O b5 8.
Bb3 Bb7 9. Qe2 Nge7 10. Bg5 h6 11. Bh4 g5 12. Bg3 Ng6 13. Rfd1 h5 14. Qd2
Be7 15. Bd6 g4 16. Ne1 Rc8 17. Nc2 Bxd6 18. Qxd6 Qe7 19. Qd2 h4 20. Ne2 h3
0-1

[Event "14th HZ Open"]
[Site "Vlissingen NED"]
[Date "2010.08.07"]
[Round "1"]
[White "L'Ami,E"]
[Black "Van de Griend,J"]
[Result "1-0"]
[WhiteElo "2620"]
[BlackElo "1922"]
[EventDate "2010.08.07"]

1. d4 d5 2. c4 c6 3. Nf3 Nf6 4. Nc3 e6 5. Bg5 Be7 6. e3 Nbd7 7. Bd3 dxc4 8.
Bxc4 b5 9. Bd3 a6 10. e4 c5 11. e5 Nd5 12. Nxd5 exd5 13. Bf4 cxd4 14. Nxd4
Nc5 15. O-O Ne6 16. Be3 Nxd4 17. Bxd4 Be6 18. f4 g6 19. g4 Rc8 20. f5 gxf5
21. gxf5 Rg8+ 22. Kh1 Bd7 23. e6 Bc6 24. Qh5 1-0

[Event "14th HZ Open"]
[Site "Vlissingen NED"]
[Date "2010.08.07"]
[Round "1"]
[White "Au,H"]
[Black "Erdos,V"]
[Result "0-1"]
[WhiteElo "1913"]
[BlackElo "2592"]
[EventDate "2010.08.07"]

1. e4 e6 2. d4 d5 3. e5 c5 4. c3 Bd7 5. Nf3 Nc6 6. Bd3 cxd4 7. cxd4 Qb6 8.
O-O Nxd4 9. Nxd4 Qxd4 10. Nc3 a6 11. Re1 Bc6 12. Qc2 Be7 13. Bd2 Qa7 14.
Rad1 Bc5 15. Bg5 Ne7 16. a3 Rc8 17. Qe2 Ng6 18. Bxg6 hxg6 19. Qd2 b5 20. b4
Bb6 21. Be3 Rh5 22. Bxb6 Qxb6 23. Na2 d4 24. Nc1 Bd5 25. Nd3 Bb3 26. Rc1
Bc4 27. Nc5 Rd8 28. Rcd1 Rd5 29. Qf4 d3 30. Rd2 Qb8 31. Nxa6 Rhxe5 32. Rxe5
Rxe5 33. g3 Re1+ 34. Kg2 Qb7+ 0-1

[Event "14th HZ Open"]
[Site "Vlissingen NED"]
[Date "2010.08.07"]
[Round "1"]
[White "Van den Doel,E"]
[Black "Ijzermans,Cees"]
[Result "1-0"]
[WhiteElo "2591"]
[BlackElo "1912"]
[EventDate "2010.08.07"]

1. d4 Nf6 2. Nf3 g6 3. Bg5 Bg7 4. Nbd2 d5 5. e3 O-O 6. Be2 h6 7. Bh4 c5 8.
c3 Nc6 9. dxc5 a5 10. a4 e5 11. O-O Be6 12. h3 g5 13. Bg3 Nd7 14. Nb3 Qe7
15. Rc1 Nxc5 16. Nxc5 Qxc5 17. Bb5 g4 18. hxg4 Bxg4 19. Be2 Bxf3 20. Bxf3
e4 21. Be2 Rad8 22. Qb3 b6 23. Bc7 Rd7 24. Qxb6 Qxb6 25. Bxb6 Rb8 26. Bc5
Rxb2 27. Bb5 Rc7 28. Rfd1 Ne5 29. Bb6 Rc8 30. Rxd5 Ng4 31. c4 Nxf2 32. c5
Nd3 33. Rd1 Nb4 34. Rd8+ Rxd8 35. Rxd8+ Kh7 36. c6 Be5 37. c7 Rb1+ 38. Bf1
1-0

[Event "14th HZ Open"]
[Site "Vlissingen NED"]
[Date "2010.08.07"]
[Round "1"]
[White "Westerman,H"]
[Black "Nijboer,F"]
[Result "0-1"]
[WhiteElo "1912"]
[BlackElo "2582"]
[EventDate "2010.08.07"]

1. Nf3 d6 2. d4 Nf6 3. g3 g6 4. b3 Bg7 5. Bb2 O-O 6. Bg2 Ne4 7. O-O f5 8.
e3 Nc6 9. c4 e5 10. dxe5 dxe5 11. Nc3 Nxc3 12. Bxc3 e4 13. Nd4 Ne5 14. Nb5
Qe7 15. Qd5+ Kh8 16. Rad1 a6 17. Bxe5 Bxe5 18. Nd4 a5 19. c5 c6 20. Qc4 Bd7
21. Rd2 Be8 22. Rfd1 Bf7 23. Qc2 Rfd8 24. Ne2 Rxd2 25. Rxd2 a4 26. b4 a3
27. Nd4 Bd5 28. Bf1 Qf7 29. b5 Bxd4 30. exd4 f4 31. Bg2 Re8 32. gxf4 cxb5
33. Re2 b4 34. Bxe4 b3 35. axb3 a2 0-1

[Event "14th HZ Open"]
[Site "Vlissingen NED"]
[Date "2010.08.07"]
[Round "1"]
[White "Wise,M"]
[Black "Haslinger,S"]
[Result "0-1"]
[WhiteElo "1909"]
[BlackElo "2552"]
[EventDate "2010.08.07"]

1. d4 d5 2. c4 c6 3. Nf3 Nf6 4. e3 e6 5. Bd3 Nbd7 6. O-O dxc4 7. Bxc4 Bd6
8. Nc3 b5 9. Bd3 O-O 10. Qe2 Re8 11. Rd1 Qe7 12. e4 e5 13. Bg5 a6 14. Rac1
h6 15. Bh4 Bb7 16. Bb1 exd4 17. Nxd4 Bf4 18. Nf5 Qe6 19. Ne3 c5 20. Bg3
Bxg3 21. hxg3 Nb6 22. Qc2 Rad8 23. f3 c4 24. Ne2 Qe5 25. Qc3 Qc5 26. b4 Qc7
27. Nf5 Na4 28. Qe3 Bc8 29. Qf4 Rxd1+ 30. Rxd1 Qxf4 31. Nxf4 Bxf5 32. exf5
Nc3 33. Rc1 Ne2+ 34. Nxe2 Rxe2 0-1

[Event "14th HZ Open"]
[Site "Vlissingen NED"]
[Date "2010.08.07"]
[Round "1"]
[White "Hoffmann,Micha1"]
[Black "De Pooter,R"]
[Result "1-0"]
[WhiteElo "2517"]
[BlackElo "1908"]
[EventDate "2010.08.07"]

1. d4 Nf6 2. c4 e6 3. g3 d5 4. Nf3 Bb4+ 5. Bd2 Qe7 6. Bg2 O-O 7. O-O c6 8.
Qc2 Nbd7 9. Bf4 Bd6 10. Bxd6 Qxd6 11. Nbd2 e5 12. cxd5 cxd5 13. dxe5 Nxe5
14. Rac1 Bd7 15. Nxe5 Qxe5 16. Nf3 Qe4 17. Qd2 Rfe8 18. e3 Rac8 19. Nd4 Qe5
20. Rxc8 Rxc8 21. Rc1 Rxc1+ 22. Qxc1 Qd6 23. f3 g6 24. Bf1 a6 25. Qc3 Qb6
26. a3 Ne8 27. Bd3 Nd6 28. b3 Nb5 29. Bxb5 Bxb5 30. Qc8+ Kg7 31. Kf2 Qa5
32. Qc1 Qb6 33. Qc3 Kg8 34. Ke1 Bd7 35. Kd2 Qd6 36. b4 h5 37. Qc5 Qe5 38.
e4 Be6 39. Ke3 h4 40. Nxe6 fxe6 41. Qc8+ Kf7 42. Qxb7+ Kf6 43. Qc8 Kf7 44.
Qd7+ Kf8 45. Qd8+ Kf7 46. Qd7+ Kf8 47. gxh4 Qc3+ 48. Kf4 Qd2+ 49. Ke5 Qxh2+
50. f4 Qxh4 51. exd5 Qh5+ 52. Kxe6 Qf5+ 53. Kd6 Qxf4+ 54. Kc6 Qc1+ 55. Kb6
Qxa3 56. Qd6+ Kg7 57. Qe7+ Kg8 58. Qe4 Kg7 59. d6 Qa4 60. Qd4+ Kh6 1-0

[Event "14th HZ Open"]
[Site "Vlissingen NED"]
[Date "2010.08.07"]
[Round "1"]
[White "Henrichs,T"]
[Black "Mundorf,J"]
[Result "1-0"]
[WhiteElo "2490"]
[BlackElo "1903"]
[EventDate "2010.08.07"]

1. d4 e6 2. c4 f5 3. g3 Nf6 4. Bg2 c6 5. Qc2 d5 6. Nh3 Bd6 7. O-O O-O 8.
Bf4 Be7 9. Nd2 Nbd7 10. cxd5 Nxd5 11. e4 fxe4 12. Nxe4 h6 13. Rae1 N7f6 14.
Nc5 Bd6 15. Be5 b6 16. Bxf6 Nb4 17. Qb3 Rxf6 18. Nxe6 1-0

[Event "14th HZ Open"]
[Site "Vlissingen NED"]
[Date "2010.08.07"]
[Round "1"]
[White "Van Sonderen,P"]
[Black "Zaragatski,I"]
[Result "0-1"]
[WhiteElo "1899"]
[BlackElo "2472"]
[EventDate "2010.08.07"]

1. e4 Nf6 2. e5 Nd5 3. c4 Nb6 4. f4 c5 5. Nc3 Nc6 6. Nf3 d5 7. cxd5 Nxd5 8.
Bc4 Nxf4 9. Bxf7+ Kxf7 10. O-O Kg8 11. d4 cxd4 12. Bxf4 dxc3 13. Qb3+ e6
14. Rad1 Qb6+ 15. Kh1 Qxb3 16. axb3 cxb2 17. b4 a6 18. Be3 h6 19. Nd4 Bd7
0-1

[Event "14th HZ Open"]
[Site "Vlissingen NED"]
[Date "2010.08.07"]
[Round "1"]
[White "Pruijssers,R"]
[Black "Van Veen,M"]
[Result "1-0"]
[WhiteElo "2462"]
[BlackElo "1899"]
[EventDate "2010.08.07"]

1. e4 c5 2. Nf3 Nc6 3. d4 cxd4 4. Nxd4 g6 5. Nc3 Bg7 6. Be3 Nf6 7. Bc4 Qa5
8. O-O O-O 9. Bb3 d6 10. f3 Bd7 11. Qd2 Qc7 12. Rfd1 Rfd8 13. Qf2 Nxd4 14.
Bxd4 b6 15. a4 Bc6 16. Qh4 Rac8 17. Rd3 Re8 18. Re1 e5 19. Be3 Nd7 20. Red1
Bf8 21. R1d2 Nc5 22. Bxc5 dxc5 23. Bc4 Be7 24. Qh3 Red8 25. Bb5 Rxd3 26.
Rxd3 Rd8 27. Rxd8+ Bxd8 28. Bxc6 Qxc6 29. Qg3 f6 30. Qe1 Qd7 31. Kf1 Qd4
32. Qe2 Kf7 33. Qa6 Qd2 34. Qxa7+ Kf8 35. Qxh7 Qc1+ 36. Kf2 Qd2+ 37. Kg3
Qg5+ 38. Kh3 f5 39. Nd5 f4 40. b3 Qh5+ 41. Qxh5 gxh5 42. g4 Kg7 43. gxh5
1-0

[Event "14th HZ Open"]
[Site "Vlissingen NED"]
[Date "2010.08.07"]
[Round "1"]
[White "Niewenhuis,R"]
[Black "Bosboom,M"]
[Result "0-1"]
[WhiteElo "1898"]
[BlackElo "2455"]
[EventDate "2010.08.07"]

1. Nf3 d6 2. d4 Bg4 3. Nbd2 Nd7 4. h3 Bh5 5. c3 e5 6. Qb3 Qb8 7. g4 Bg6 8.
Nh4 c6 9. Bg2 Be7 10. Nxg6 hxg6 11. e4 Bg5 12. Nc4 Bxc1 13. Rxc1 b5 14. Nd2
Ngf6 15. Qc2 Nf8 16. c4 Ne6 17. Nb3 a5 18. dxe5 dxe5 19. cxb5 cxb5 20. Qc6+
Ke7 21. O-O a4 22. g5 axb3 23. gxf6+ gxf6 24. axb3 Rc8 25. Qxc8 Qxc8 26.
Rxc8 Rxc8 27. Ra1 Rc2 28. Ra5 Nd4 29. Bf1 f5 30. exf5 gxf5 31. Bxb5 e4 32.
Bc4 Kf6 33. Ra7 Ke5 34. Bxf7 Nf3+ 35. Kg2 Kf4 36. Re7 Nh4+ 37. Kf1 Nf3 0-1

[Event "14th HZ Open"]
[Site "Vlissingen NED"]
[Date "2010.08.07"]
[Round "1"]
[White "Burg,T"]
[Black "Thompson,Robert"]
[Result "1-0"]
[WhiteElo "2449"]
[BlackElo "1905"]
[EventDate "2010.08.07"]

1. e4 c5 2. Nf3 g6 3. d4 cxd4 4. Nxd4 Nc6 5. Nc3 Bg7 6. Be3 Nf6 7. Bc4 O-O
8. Bb3 d6 9. f3 Bd7 10. Qd2 Nxd4 11. Bxd4 b5 12. O-O a5 13. a4 b4 14. Nd5
Nxd5 15. exd5 Rc8 16. Rfe1 Bf5 17. Bxg7 Kxg7 18. Qd4+ Kg8 19. Re2 Qc7 20.
g4 e5 21. dxe6 Bxe6 22. Rxe6 fxe6 23. Bxe6+ Rf7 24. Bxc8 Qxc8 25. Qxd6 Qxc2
26. Qd8+ Rf8 27. Qd5+ Rf7 28. b3 Qc3 29. Rf1 Kg7 30. Kg2 Re7 31. Rf2 Qe5
32. Qd1 g5 33. Rd2 h6 34. Qc2 Rc7 35. Qd3 Qc3 36. Qe2 Qc5 37. Qb5 Qe3 38.
Re2 Qc5 39. Re6 Qc3 40. Qxa5 Qd2+ 41. Kh3 Qf4 42. Qd5 h5 43. Qe5+ Qxe5 44.
Rxe5 hxg4+ 45. Kxg4 Rc3 46. Rxg5+ Kf6 47. Rb5 Rxb3 48. Rb6+ Ke5 49. f4+ 1-0

[Event "14th HZ Open"]
[Site "Vlissingen NED"]
[Date "2010.08.07"]
[Round "1"]
[White "Van de Braak,Joey"]
[Black "Kohlweyer,B"]
[Result "0-1"]
[WhiteElo "1937"]
[BlackElo "2436"]
[EventDate "2010.08.07"]

1. e4 c5 2. Nf3 d6 3. d4 cxd4 4. Nxd4 Nf6 5. Nc3 a6 6. Be3 e6 7. Qd2 b5 8.
f3 Nbd7 9. g4 Bb7 10. O-O-O Rc8 11. h4 Nb6 12. g5 Nfd7 13. Kb1 b4 14. Nce2
Nc4 15. Qc1 Ndb6 16. Ng3 Qc7 17. Bf2 d5 18. Bd3 Bd6 19. Nge2 dxe4 20. fxe4
Be5 21. Rhg1 O-O 22. Bg3 Rfd8 23. Bxe5 Qxe5 24. Nf3 Qc5 25. h5 Na4 26. g6
fxg6 27. h6 Naxb2 28. Bxc4 Nxc4 29. hxg7 Bxe4 30. Ng5 Qe5 0-1

[Event "14th HZ Open"]
[Site "Vlissingen NED"]
[Date "2010.08.07"]
[Round "1"]
[White "Guidarelli,L"]
[Black "Koerber,M"]
[Result "1-0"]
[WhiteElo "2433"]
[BlackElo "1894"]
[EventDate "2010.08.07"]

1. d4 d5 2. c4 e6 3. Nc3 Nf6 4. Bg5 Be7 5. e3 Nbd7 6. cxd5 exd5 7. Bd3 Nf8
8. Nge2 Ne6 9. Bh4 c6 10. O-O O-O 11. f3 g6 12. Qc2 Re8 13. Kh1 Ng7 14.
Rad1 Bf5 15. Bxf5 Nxf5 16. Bf2 Ng7 17. e4 Ne6 18. Ng3 Bf8 19. Be3 Re7 20.
e5 Ne8 21. f4 Bh6 22. Qd3 N6g7 23. f5 Bxe3 24. Qxe3 gxf5 25. Nxf5 Nxf5 26.
Rxf5 Ng7 27. Rf6 Qd7 28. Rdf1 Ne6 29. Ne2 Kh8 30. Ng3 Ng7 31. Qd3 Qe8 32.
R1f4 Qg8 33. Rg4 1-0

[Event "14th HZ Open"]
[Site "Vlissingen NED"]
[Date "2010.08.07"]
[Round "1"]
[White "Le Clercq,Maxim"]
[Black "Bitalzadeh,A"]
[Result "0-1"]
[WhiteElo "1890"]
[BlackElo "2415"]
[EventDate "2010.08.07"]

1. e4 c5 2. Nf3 d6 3. d4 cxd4 4. Nxd4 Nf6 5. Nc3 Nc6 6. Be3 Ng4 7. Bb5 Nxe3
8. fxe3 Bd7 9. O-O e6 10. Qh5 g6 11. Qf3 Ne5 12. Bxd7+ Qxd7 13. Qf6 Rg8 14.
Nf3 Ng4 15. Qd4 Bg7 16. Qd3 Ne5 17. Qb5 Nxf3+ 18. Rxf3 Bxc3 19. Qxd7+ Kxd7
20. Rxf7+ Ke8 21. Rxb7 Rg7 22. Rb3 Be5 23. Rf1 a5 24. Rb5 Rc8 25. a4 Rxc2
26. Rb8+ Kd7 27. Rff8 Rxb2 28. Rbd8+ Kc6 29. Rc8+ Rc7 30. Rxc7+ Kxc7 31.
Rf7+ Kc6 0-1

[Event "14th HZ Open"]
[Site "Vlissingen NED"]
[Date "2010.08.07"]
[Round "1"]
[White "Duinmaijer,M"]
[Black "Roeder,M"]
[Result "0-1"]
[WhiteElo "1884"]
[BlackElo "2392"]
[EventDate "2010.08.07"]

1. e4 c5 2. Nf3 d6 3. c3 Nf6 4. Be2 g6 5. O-O Bg7 6. Re1 O-O 7. Bf1 Nc6 8.
d4 cxd4 9. cxd4 Bg4 10. h3 Bxf3 11. gxf3 d5 12. e5 Nh5 13. Nc3 e6 14. Nb5
Qh4 15. Be3 a6 16. Nd6 f6 17. f4 Nxf4 18. Qg4 Qxg4+ 19. hxg4 fxe5 20. Bxf4
Rxf4 21. Nxb7 Nxd4 22. Rec1 Rxg4+ 23. Kh1 Rf8 24. Bh3 Rh4 25. Kg2 g5 26.
Rc7 g4 0-1

[Event "14th HZ Open"]
[Site "Vlissingen NED"]
[Date "2010.08.07"]
[Round "1"]
[White "Tan,Mat"]
[Black "Roelofs,Rik"]
[Result "1-0"]
[WhiteElo "2381"]
[BlackElo "1883"]
[EventDate "2010.08.07"]

1. e4 c6 2. d4 d5 3. e5 Bf5 4. h4 Qc8 5. c4 Bxb1 6. Rxb1 e6 7. Nf3 dxc4 8.
Bxc4 Ne7 9. Ng5 h5 10. Qf3 Nf5 11. Nxf7 Nxd4 12. Qf4 Nc2+ 13. Ke2 Nd4+ 14.
Qxd4 Kxf7 15. Qf4+ Ke8 16. Rd1 Be7 17. Qe4 Kf8 18. Qg6 Qe8 19. Qxe6 Bxh4
20. Qf5+ Bf6 21. Be3 Qxe5 22. Qxe5 Bxe5 23. Rd8+ 1-0

[Event "14th HZ Open"]
[Site "Vlissingen NED"]
[Date "2010.08.07"]
[Round "1"]
[White "Bollaart,J"]
[Black "Michalczak,T"]
[Result "0-1"]
[WhiteElo "1881"]
[BlackElo "2367"]
[EventDate "2010.08.07"]

1. e4 c5 2. Nf3 d6 3. d4 cxd4 4. Nxd4 Nf6 5. Nc3 Bd7 6. Bc4 Nc6 7. Bb3 g6
8. O-O Bg7 9. Kh1 O-O 10. Nxc6 bxc6 11. f4 Qa5 12. Be3 Rac8 13. e5 dxe5 14.
fxe5 Qxe5 15. Bd4 Qc7 16. Qf3 Bf5 17. Rae1 Ng4 18. Bg1 Bd4 19. g3 Rcd8 20.
Bxd4 Rxd4 21. Ne4 c5 22. c3 Rxe4 23. Rxe4 Bxe4 24. Qxe4 Nf6 25. Qf4 Qc6+
26. Kg1 Kg7 27. Qf3 Qb6 28. Kh1 h5 29. Qf4 Rd8 30. Qc4 Rd5 31. Kg1 e6 32.
Kh1 Ng4 33. Qa4 Rd8 34. Qf4 Qb7+ 35. Kg1 Qe7 36. Bc4 Rd7 37. b3 e5 38. Qe4
f5 39. Qa8 Rd8 40. Qf3 Rd2 41. Rd1 e4 0-1

[Event "14th HZ Open"]
[Site "Vlissingen NED"]
[Date "2010.08.07"]
[Round "1"]
[White "De Jong,M"]
[Black "Gunther,M"]
[Result "1-0"]
[WhiteElo "2358"]
[BlackElo "1879"]
[EventDate "2010.08.07"]

1. e4 e5 2. Nf3 Nc6 3. Bb5 a6 4. Ba4 Nf6 5. O-O b5 6. Bb3 Be7 7. d4 exd4 8.
e5 Ne4 9. Bd5 Nc5 10. Nxd4 Bb7 11. Nf5 O-O 12. Re1 Nb4 13. Qg4 g6 14. Nxe7+
Qxe7 15. Bg5 1-0

[Event "14th HZ Open"]
[Site "Vlissingen NED"]
[Date "2010.08.07"]
[Round "1"]
[White "Vermue,Albert"]
[Black "Kuipers,S"]
[Result "0-1"]
[WhiteElo "1876"]
[BlackElo "2354"]
[EventDate "2010.08.07"]

1. e4 c5 2. Nc3 Nc6 3. g3 g6 4. Bg2 Bg7 5. d3 d6 6. f4 Nf6 7. Nf3 Rb8 8. h3
b5 9. g4 h5 10. g5 Nd7 11. Ne2 Nb6 12. Nh4 e6 13. f5 Ne5 14. fxg6 Nxg6 15.
Nxg6 fxg6 16. O-O e5 17. Ng3 Be6 18. Nf5 O-O 19. Nh4 Kh7 20. Be3 Rb7 21.
Nf3 Rbf7 22. Qe2 Qc8 23. Kh2 d5 24. Ng1 d4 25. Bd2 Rxf1 26. Bxf1 Rf7 27.
Bg2 Bf8 28. Bf3 Kg7 29. Be1 c4 30. Bg3 Bd6 31. Kh1 cxd3 32. cxd3 Rc7 33.
Qh2 Nd7 34. Bd1 Rc1 35. Rxc1 Qxc1 36. Qc2 Qxc2 37. Bxc2 Bxa2 38. Nf3 Bb8
39. b3 a5 40. Kg1 b4 41. Nd2 Nc5 42. Nc4 Bxb3 43. Bxb3 Nxb3 44. Bxe5+ Bxe5
45. Nxe5 Nc5 46. Nc6 b3 0-1

[Event "14th HZ Open"]
[Site "Vlissingen NED"]
[Date "2010.08.07"]
[Round "1"]
[White "Zelbel,P"]
[Black "Daniels,Hennie"]
[Result "1-0"]
[WhiteElo "2345"]
[BlackElo "1872"]
[EventDate "2010.08.07"]

1. e4 e5 2. f4 exf4 3. Nf3 Nf6 4. e5 Nh5 5. d4 d5 6. Be2 Bg4 7. O-O g5 8.
c4 c6 9. Nc3 Ng7 10. Qb3 dxc4 11. Qxb7 Nd7 12. Qxc6 Rc8 13. Qa6 Ne6 14.
Nxg5 Nxd4 15. Bxg4 Rc6 16. Qb7 Rc7 17. Qe4 Qxg5 18. Nd5 1-0

[Event "14th HZ Open"]
[Site "Vlissingen NED"]
[Date "2010.08.07"]
[Round "1"]
[White "Bravo,Fabio"]
[Black "Bezemer,A"]
[Result "0-1"]
[WhiteElo "1881"]
[BlackElo "2322"]
[EventDate "2010.08.07"]

1. e4 c5 2. Nc3 d6 3. Nge2 Nf6 4. g3 Nc6 5. Bg2 g6 6. O-O Bg7 7. d3 O-O 8.
h3 Rb8 9. Be3 b5 10. d4 b4 11. Nd5 Nd7 12. c3 a5 13. Qd2 Ba6 14. Rfe1 e6
15. Ndf4 Nb6 16. Rad1 Nc4 17. Qc1 Qe7 18. e5 Nxe3 19. Qxe3 dxe5 20. Bxc6
exf4 21. Nxf4 cxd4 22. cxd4 Qc7 23. Ba4 Bb7 24. d5 exd5 25. Nxd5 Bxd5 26.
Rxd5 Bxb2 27. Rd7 Qc8 28. Qa7 Ra8 29. Qb6 Ra6 30. Qb5 Rf6 31. Red1 Bc3 32.
Bb3 Rf5 33. Qe2 Qc6 34. R1d6 Qc5 35. Rd5 Rxd5 36. Rxd5 Qc6 37. Rxa5 Re8 38.
Bd5 Qd7 39. Qf3 Re5 40. Bc6 Qxh3 41. Rxe5 Bxe5 42. a3 bxa3 43. Qxa3 Bd4 44.
Qf3 Kg7 45. Qd3 Bf6 46. Bg2 Qe6 47. Bd5 Qe5 48. Qf3 h5 49. Qe4 Qg5 50. Kg2
h4 51. Ba8 hxg3 52. fxg3 Be5 53. Qf3 f5 54. Kh3 Qh6+ 55. Kg2 Qd2+ 56. Kh3
Qe1 57. Qb3 Qd2 58. Qb7+ Kh6 59. Qg2 Qe3 60. Bf3 Kg7 61. g4 Kf8 62. Qe2 Qf4
63. Qg2 Bd6 64. Bd1 Be7 65. Qa8+ Kg7 66. Qa1+ Kh7 67. Qa2 Qe3+ 68. Kh2 fxg4
69. Qf7+ Kh6 70. Qe8 Bd6+ 71. Kh1 Qf4 72. Kg1 Bc5+ 73. Kg2 Qf2+ 74. Kh1
Qf1+ 0-1

[Event "14th HZ Open"]
[Site "Vlissingen NED"]
[Date "2010.08.07"]
[Round "1"]
[White "Verbruggen,S"]
[Black "Wahedi,A"]
[Result "0-1"]
[WhiteElo "1868"]
[BlackElo "2295"]
[EventDate "2010.08.07"]

1. e4 c5 2. Nf3 d6 3. d4 cxd4 4. Nxd4 Nf6 5. Nc3 a6 6. Bg5 e6 7. f4 Qb6 8.
Qd3 Nc6 9. O-O-O Nxd4 10. Qxd4 Qxd4 11. Rxd4 h6 12. Bxf6 gxf6 13. Be2 h5
14. g3 Bd7 15. Rf1 h4 16. f5 hxg3 17. hxg3 Be7 18. Bf3 Rc8 19. a4 Rc5 20.
g4 Bf8 21. Kb1 Rh2 22. Rfd1 b5 23. axb5 axb5 24. R1d2 Rh4 25. Be2 Bh6 26.
Rd1 Bf4 27. Rb4 Ke7 28. Nxb5 Rh2 29. Bd3 Bxb5 30. Rxb5 Rhxc2 31. Rb7+ Rc7
32. Rxc7+ Rxc7 33. Rf1 Be5 34. Rf2 d5 35. fxe6 dxe4 36. Bxe4 Rc4 37. Bd5
Rd4 38. exf7 Rxd5 39. f8=Q+ Kxf8 40. g5 Bd4 0-1

[Event "14th HZ Open"]
[Site "Vlissingen NED"]
[Date "2010.08.07"]
[Round "1"]
[White "Duessel,U"]
[Black "Timmermans,Adri"]
[Result "1-0"]
[WhiteElo "2271"]
[BlackElo "1867"]
[EventDate "2010.08.07"]

1. d4 Nf6 2. c4 e5 3. dxe5 Ne4 4. Nf3 b6 5. Nbd2 Bb4 6. g3 Bb7 7. Bg2 Qe7
8. O-O Nxd2 9. Bxd2 Bxd2 10. Qxd2 Nc6 11. Rfd1 Rd8 12. Nd4 Nxd4 13. Bxb7 c5
14. e3 Nf5 15. f4 O-O 16. Qd3 g6 17. Be4 Ng7 18. Qd6 Qe6 19. b3 Qg4 20. Kf2
Ne6 21. h3 Qh5 22. Bf3 Qh6 23. h4 Rfe8 24. Rd2 Qf8 25. Rad1 Qe7 26. Qxe7
Rxe7 27. Bc6 Nf8 28. g4 Kg7 29. g5 h5 30. a4 Kh7 31. Bb5 Kg7 32. Rd6 Re6
33. Kf3 Kh7 34. R1d5 Kg7 35. Ke4 Re7 36. a5 bxa5 37. Ba4 Rb8 38. Rxc5 Rb6
39. Rcd5 Kg8 40. Rxb6 axb6 41. Rd6 Re6 42. Kd5 Rxd6+ 43. Kxd6 Ne6 44. Kxd7
Ng7 45. Kc6 1-0

[Event "14th HZ Open"]
[Site "Vlissingen NED"]
[Date "2010.08.07"]
[Round "1"]
[White "Provoost,S"]
[Black "Jonkheer,A"]
[Result "1-0"]
[WhiteElo "2255"]
[BlackElo "1859"]
[EventDate "2010.08.07"]

1. d4 d5 2. c4 c6 3. Nf3 Nf6 4. Nc3 Nbd7 5. e3 e6 6. Bd3 Be7 7. O-O b6 8.
b3 Bb7 9. Bb2 a6 10. Qe2 O-O 11. Rac1 c5 12. Rfd1 Qc7 13. cxd5 Nxd5 14.
dxc5 bxc5 15. Bb1 Nxc3 16. Bxc3 Bf6 17. Qd3 1-0

[Event "14th HZ Open"]
[Site "Vlissingen NED"]
[Date "2010.08.07"]
[Round "1"]
[White "Storkebaum,U"]
[Black "Heltzel,J"]
[Result "0-1"]
[WhiteElo "1853"]
[BlackElo "2250"]
[EventDate "2010.08.07"]

1. e4 c5 2. Nf3 g6 3. d4 cxd4 4. Nxd4 Nc6 5. Be3 Nf6 6. Nc3 Bg7 7. Bc4 O-O
8. f3 Qb6 9. Qd2 Nxe4 10. Nxc6 Qxc6 11. Nxe4 Qxc4 12. c3 f5 13. Nc5 d6 14.
Nb3 a5 15. Nd4 f4 16. Bf2 e5 17. b3 Qa6 18. Ne2 Be6 19. Rd1 d5 20. h4 h6
21. h5 g5 22. Bc5 Rfc8 23. Bf2 a4 24. b4 Qc4 25. g3 fxg3 26. Bxg3 Re8 27.
O-O Rad8 28. Kg2 Bf7 29. Rh1 d4 30. cxd4 exd4 31. Nc1 Bd5 32. Rde1 g4 33.
Rxe8+ Rxe8 34. Re1 gxf3+ 35. Kg1 Rxe1+ 36. Qxe1 Qc2 37. Bf2 Qf5 38. Qe8+
Kh7 39. Bg3 Qc2 40. Qg6+ Qxg6 41. hxg6+ Kxg6 42. Kf2 Be4 43. a3 b5 0-1

[Event "14th HZ Open"]
[Site "Vlissingen NED"]
[Date "2010.08.07"]
[Round "1"]
[White "Nijs,N"]
[Black "Van Gemert,J"]
[Result "1-0"]
[WhiteElo "2250"]
[BlackElo "1853"]
[EventDate "2010.08.07"]

1. d4 Nf6 2. c4 g6 3. Nc3 Bg7 4. Nf3 O-O 5. Bg5 d6 6. e3 c6 7. Be2 Bg4 8.
Qc2 Nbd7 9. O-O Rc8 10. h3 Bxf3 11. Bxf3 Qa5 12. Bh4 e5 13. Rfd1 exd4 14.
Rxd4 d5 15. Qd2 Ne5 16. Bxf6 Nxf3+ 17. gxf3 Bxf6 18. Nxd5 Qd8 19. Nxf6+
Qxf6 20. f4 Rcd8 21. Rd1 Rxd4 22. Qxd4 Qh4 23. Kg2 Qh5 24. b3 h6 25. Rd2
Qa5 26. Qd6 a6 27. b4 Qf5 28. Qe5 Qb1 29. Qe7 b5 30. cxb5 axb5 31. Rd6 Qxa2
32. f5 Qc2 33. f6 Qf5 1-0

[Event "14th HZ Open"]
[Site "Vlissingen NED"]
[Date "2010.08.07"]
[Round "1"]
[White "Van Kesteren,Yashin"]
[Black "Goldschmidt,C"]
[Result "1/2-1/2"]
[WhiteElo "1852"]
[BlackElo "2249"]
[EventDate "2010.08.07"]

1. e4 d6 2. d4 Nf6 3. Nc3 g6 4. f4 Bg7 5. Nf3 c5 6. e5 Ng4 7. dxc5 dxe5 8.
Qxd8+ Kxd8 9. h3 Nh6 10. Nxe5 Nd7 11. Bc4 Nxe5 12. fxe5 Nf5 13. Bf4 g5 14.
Bxg5 Bxe5 15. O-O-O+ Kc7 16. Nd5+ Kc6 17. Nxe7+ Nxe7 18. Bxe7 Be6 19. Bxe6
fxe6 20. Rhe1 Bf4+ 21. Kb1 e5 22. c4 Rae8 23. Bd6 Rhg8 24. g4 Rg6 25. b4 b5
26. cxb5+ Kxb5 27. a3 h5 28. Rg1 Reg8 29. Rde1 hxg4 30. Rxg4 Rxg4 31. hxg4
a5 32. Re4 Rxg4 33. Bxe5 Rg1+ 34. Kc2 Bxe5 35. Rxe5 axb4 36. axb4 Kxb4 37.
c6 1/2-1/2

[Event "14th HZ Open"]
[Site "Vlissingen NED"]
[Date "2010.08.07"]
[Round "1"]
[White "Hoolt,S"]
[Black "Hijweegen,Louis"]
[Result "1-0"]
[WhiteElo "2245"]
[BlackElo "1850"]
[EventDate "2010.08.07"]

1. e4 c6 2. Nf3 d5 3. exd5 cxd5 4. Ne5 Nc6 5. d4 Nxe5 6. dxe5 e6 7. Bd3 Qc7
8. O-O Ne7 9. Re1 g6 10. Na3 a6 11. Bg5 Bg7 12. Qf3 Nc6 13. Bf6 Bxf6 14.
Qxf6 O-O 15. c3 Qe7 16. Qxe7 Nxe7 17. Nc2 Nc6 18. h4 Bd7 19. Rad1 f6 20.
exf6 Rxf6 21. c4 Raf8 22. cxd5 exd5 23. Rd2 Re8 24. Be4 Rxe4 25. Rxe4 dxe4
26. Rxd7 Rf7 27. Rd2 Re7 28. Re2 Kf7 29. Kf1 Ke8 30. Ne3 Nb4 31. a3 Nd3 32.
Nd5 Re5 33. Nf6+ Kf7 34. Nxe4 Kg7 35. f3 Nf4 36. Rd2 Rd5 37. Rxd5 Nxd5 38.
Kf2 b6 39. g3 h6 40. Ke2 Ne7 41. Nc3 b5 42. Ne4 Nd5 43. Kd3 Nb6 44. b3 a5
45. Nd6 b4 46. a4 Nd7 47. Nb7 1-0

[Event "14th HZ Open"]
[Site "Vlissingen NED"]
[Date "2010.08.07"]
[Round "1"]
[White "Densing,G"]
[Black "Haast,A"]
[Result "1/2-1/2"]
[WhiteElo "1847"]
[BlackElo "2240"]
[EventDate "2010.08.07"]

1. d4 Nf6 2. Nf3 g6 3. Nc3 d5 4. Bf4 Bg7 5. e3 O-O 6. Be2 c6 7. Ne5 Nfd7 8.
Ng4 f6 9. h4 e5 10. Bh6 Qb6 11. Bxg7 Kxg7 12. Na4 Qa5+ 13. Nc3 exd4 14.
Qxd4 Qb6 15. O-O-O Qxd4 16. exd4 h5 17. Ne3 f5 18. g3 Nf6 19. Ng2 Be6 20.
Rhe1 Re8 21. Nf4 Bf7 22. Bf3 Nbd7 23. Re3 Rxe3 24. fxe3 Re8 25. Kd2 Nb6 26.
b3 Nc8 27. Nd3 Nd7 28. Nc5 Nxc5 29. dxc5 Ne7 30. Ne2 Ng8 31. Nd4 Nf6 32. b4
Rc8 33. Rf1 b6 34. Rb1 Nd7 35. cxb6 axb6 36. c4 Ne5 37. cxd5 Nxf3+ 38. Nxf3
Bxd5 39. Nd4 Bxa2 40. Ra1 Bf7 41. Ra7 c5 42. bxc5 bxc5 43. Ne6+ Kf6 44. Nf4
Rc6 45. Kc3 Rb6 46. Rc7 Rb3+ 47. Kd2 c4 48. Rc6+ Kg7 49. Rc7 Rb6 50. Kc3
Kf6 51. Kd4 Rd6+ 52. Kc3 Ra6 53. Kb2 Rd6 54. Kc3 Rb6 55. Kd4 Rb1 56. Rc6+
Kg7 57. Rc7 Kf6 58. Rc6+ Kg7 59. Rc7 Kf6 1/2-1/2

[Event "14th HZ Open"]
[Site "Vlissingen NED"]
[Date "2010.08.07"]
[Round "1"]
[White "Camps,J"]
[Black "Verlinde,T"]
[Result "1/2-1/2"]
[WhiteElo "1843"]
[BlackElo "2235"]
[EventDate "2010.08.07"]

1. d4 d5 2. c4 dxc4 3. e3 e6 4. Bxc4 c5 5. Nf3 Nf6 6. O-O a6 7. dxc5 Bxc5
8. Qe2 Nc6 9. Rd1 Qc7 10. a3 O-O 11. b4 Bd6 12. Bb2 Ng4 13. h3 Nge5 14.
Nbd2 b5 15. Ba2 Bb7 16. Rac1 Qe7 17. Bb1 f5 18. Ba2 Kh8 19. Nxe5 Nxe5 20.
f4 Ng6 21. Nf3 e5 22. Ng5 h6 23. Qh5 Rf6 24. Nf7+ Kh7 25. Ng5+ Kh8 26. Nf7+
Kh7 27. Ng5+ 1/2-1/2